LEADER 00959nam0 2200289 4500 001 9910159155603321 005 20170201113003.0 010 $a9781118138618 (cloth) 035 $a17561933 100 $a20121213d2013---- uy 0 101 0 $aeng 200 1 $aExecutive's guide to IT governance$eimproving systems processes with service management, COBIT, and ITIL /$fRobert R. Moeller 210 $aHoboken$cJohn Wiley and Sons$d2013 215 $axvi, 395 pages$cillustrations ;$d27 cm 300 $aIncludes index. 606 $aInformation technology$xManagement 606 $aInformation technology$xAuditing 606 $aElectronic data processing departments$xAuditing 676 $a004.068/4 700 1$aMoeller$bRobert R$0724549 801 0$aIT$bUNINA$gRICA$2UNIMARC 901 $aBK 912 $a9910159155603321 952 $a8-0-181-TI$fECA 959 $aECA 996 $aExecutive's guide to IT governance$91467585 997 $aUNINA LEADER 01146nam0 22002771i 450 001 UON00268323 005 20231205103744.785 100 $a20051025d1984 |0itac50 ba 101 $aita 102 $aIT 105 $a||||0 ||||| 200 1 $aQuestioni e correnti di storia letteraria$fa cura di U. Bosco ... [et al.] 210 $aMilano$cMarzorati$dc1984 215 $a965 p.$d24 cm. 410 1$1001UON00268168$12001 $aProblemi ed orientamenti critici di lingua e di letteratura italiana$1210 $aMilano$cC. Marzorati$v3 606 $aLetteratura$xStudi$3UONC023782$2FI 620 $aIT$dMilano$3UONL000005 676 $a801.3$cFilosofia e teoria. Valore, influenza, effetto$v21 702 1$aBOSCO$bUmberto$3UONV155936 712 $aMarzorati$3UONV257066$4650 801 $aIT$bSOL$c20250606$gRICA 899 $aSIBA - SISTEMA BIBLIOTECARIO DI ATENEO$2UONSI 912 $aUON00268323 950 $aSIBA - SISTEMA BIBLIOTECARIO DI ATENEO$dSI ITA II 2562 $eSI LO 43769 5 2562 996 $aQuestioni e correnti di storia letteraria$9141633 997 $aUNIOR